[Event "BCF-chT2 9798 (4NCL)"]
[Site "England"]
[Date "1998.03.22"]
[Round "8.7"]
[White "Atkins, Rita"]
[Black "Richards, Heather"]
[Result "1-0"]
[WhiteElo "2225"]
[BlackElo "1880"]
[PlyCount "93"]
[EventDate "1997.11.??"]
[EventType "team"]
[EventRounds "11"]
[EventCountry "ENG"]
[SourceTitle "EXT 1999"]
[Source "ChessBase"]
[SourceDate "1998.11.16"]
[SourceVersion "1"]
[SourceVersionDate "1998.11.16"]
[SourceQuality "1"]
[WhiteTeam "Simpsons"]
[BlackTeam "Invicta Knights Maidstone II"]
[WhiteTeamCountry "ENG"]
[BlackTeamCountry "ENG"]

1. e4 e6 2. d4 d5 3. Nc3 Nf6 4. Bg5 Bb4 5. e5 h6 6. Bd2 Bxc3 7. bxc3 Ne4 8. Qg4 g6 9. Bd3 Nxd2 10. Kxd2 c5 11. Nf3 Nc6 12. Rhb1 c4 13. Be2 Qe7 14. a4 Na5 15. h4 Bd7 16. Qf4 0-0-0 17. Nh2 g5 18. hxg5 hxg5 19. Qg3 f5 20. exf6 Qxf6 21. Ng4 Qe7 22. Ne5 Rhg8 23. Bg4 Qf6 24. Re1 Rde8 25. Re3 Qf4 26. Rh1 Re7 27. Rh6 Qxg3 28. Rxg3 Rf8 29. Ke2 Rg8 30. Nxd7 Kxd7 31. Re3 Rge8 32. Re5 Nc6 33. Rxd5+ Kc7 34. Rxg5 b6 35. Rgg6 Nd8 36. f4 Kb7 37. Bf3+ Ka6 38. Rh5 Rf8 39. Ke3 Rf5 40. g4 Rxh5 41. gxh5 Ka5 42. h6 Kxa4 43. Rg7 Nf7 44. h7 a5 45. Rxf7 Rxf7 46. h8Q Ka3 47. Qb8 1-0

[Event "BCF-chT 9697 (4NCL)"]
[Site "England"]
[Date "1997.02.22"]
[Round "7.6"]
[White "Atkins, Rita"]
[Black "Burke, John S"]
[Result "1/2-1/2"]
[WhiteElo "2225"]
[BlackElo "2105"]
[PlyCount "88"]
[EventDate "1996.10.??"]
[EventType "team"]
[EventRounds "12"]
[EventCountry "ENG"]
[SourceTitle "EXT 1999"]
[Source "ChessBase"]
[SourceDate "1998.11.16"]
[SourceVersion "1"]
[SourceVersionDate "1998.11.16"]
[SourceQuality "1"]
[WhiteTeam "Slough"]
[BlackTeam "Richmond"]
[WhiteTeamCountry "ENG"]
[BlackTeamCountry "ENG"]

1. e4 c5 2. Nf3 Nc6 3. d4 cxd4 4. Nxd4 Nf6 5. Nc3 e6 6. Nxc6 bxc6 7. e5 Nd5 8. Ne4 f5 9. exf6 Nxf6 10. Nd6+ Bxd6 11. Qxd6 Qb6 12. Bd3 c5 13. Bf4 Bb7 14. 0-0-0 Rc8 15. Qxb6 axb6 16. Bb5 Bc6 17. a4 d5 18. Rhe1 Kf7 19. f3 Rhe8 20. c3 Re7 21. Kc2 Bxb5 22. axb5 Ra7 23. Re2 Ra5 24. Rde1 Re8 25. b4 Rxb5 26. Kb3 cxb4 27. cxb4 d4 28. Re5 Rxe5 29. Bxe5 d3 30. Rd1 Nd5 31. Rxd3 Rc8 32. Rd1 g5 33. h4 gxh4 34. Rh1 Kg6 35. Rxh4 h5 36. g3 Rc1 37. Rc4 Re1 38. Bd4 b5 39. Rc6 Rb1+ 40. Kc2 Rxb4 41. Rxe6+ Kf7 42. Re4 Rc4+ 43. Kb3 Rb4+ 44. Kc2 Rc4+ 1/2-1/2

[Event "Timisoara zt-B (Women)"]
[Site "Timisoara"]
[Date "1993.??.??"]
[Round "4"]
[White "Atkins, Rita"]
[Black "Csoke, Adrienn"]
[Result "1/2-1/2"]
[WhiteElo "2255"]
[BlackElo "2210"]
[PlyCount "44"]
[EventDate "1993.??.??"]
[EventType "tourn"]
[EventRounds "9"]
[EventCountry "ROU"]
[EventCategory "1"]
[SourceTitle "TD"]
[Source "ChessBase"]
[SourceDate "1994.03.01"]
[SourceVersion "1"]
[SourceVersionDate "1994.03.01"]
[SourceQuality "1"]

1. e4 c5 2. Nf3 b6 3. d4 cxd4 4. Nxd4 Bb7 5. Bd3 d6 6. 0-0 Nf6 7. f3 e6 8. c4 Be7 9. Nc3 Nbd7 10. Be3 a6 11. Rc1 Rc8 12. Be2 Qc7 13. b4 Qb8 14. Nb3 0-0 15. Qd4 Qa8 16. Na4 Rc6 17. Rfd1 Re8 18. Rd2 Qb8 19. Rcd1 Rec8 20. Bf2 d5 21. exd5 Bxb4 22. dxe6 Rxe6 1/2-1/2

[Event "HUN-chT"]
[Site "Hungary"]
[Date "1993.??.??"]
[Round "?"]
[White "Atkins, Rita"]
[Black "Meszaros, Gyula"]
[Result "1/2-1/2"]
[WhiteElo "2255"]
[BlackElo "2260"]
[PlyCount "95"]
[EventDate "1993.??.??"]
[EventType "team"]
[EventRounds "13"]
[EventCountry "HUN"]
[SourceTitle "TD"]
[Source "ChessBase"]
[SourceDate "1994.03.01"]
[SourceVersion "1"]
[SourceVersionDate "1994.03.01"]
[SourceQuality "1"]

1. e4 e6 2. d4 d5 3. Nc3 Nf6 4. Bg5 Be7 5. e5 Nfd7 6. Bxe7 Qxe7 7. f4 a6 8. Nf3 c5 9. dxc5 Nxc5 10. Bd3 Nc6 11. 0-0 b5 12. Ne2 Bd7 13. Ned4 b4 14. Qd2 Nxd3 15. Qxd3 0-0 16. a3 Nxd4 17. Qxd4 Bb5 18. Rfc1 Be2 19. Nd2 Rab8 20. Qe3 bxa3 21. bxa3 Bb5 22. c4 Bxc4 23. Nxc4 dxc4 24. Rxc4 g6 25. Rac1 Rfd8 26. Rc7 Rd1+ 27. Rxd1 Qxc7 28. h3 Qc2 29. Qd3 Qc5+ 30. Kh2 a5 31. a4 Kg7 32. Qd4 Qc2 33. Rd2 Qf5 34. Qe3 Rb4 35. Rd4 Qc2 36. Rxb4 axb4 37. a5 Qa2 38. Qb6 b3 39. Qd8 Qa3 40. Qf6+ Kg8 41. Qd8+ Qf8 42. Qxf8+ Kxf8 43. a6 b2 44. a7 b1Q 45. a8Q+ Kg7 46. Qd8 Qf5 47. Kg3 h6 48. Qd4 1/2-1/2

[Event "Timisoara zt-B (Women)"]
[Site "Timisoara"]
[Date "1993.??.??"]
[Round "6"]
[White "Atkins, Rita"]
[Black "Veroci, Zsuzsa"]
[Result "1/2-1/2"]
[WhiteElo "2255"]
[BlackElo "2325"]
[PlyCount "30"]
[EventDate "1993.??.??"]
[EventType "tourn"]
[EventRounds "9"]
[EventCountry "ROU"]
[EventCategory "1"]
[SourceTitle "TD"]
[Source "ChessBase"]
[SourceDate "1994.03.01"]
[SourceVersion "1"]
[SourceVersionDate "1994.03.01"]
[SourceQuality "1"]

1. e4 e5 2. Nf3 Nc6 3. Nc3 Nf6 4. Bb5 Bb4 5. 0-0 0-0 6. d3 d6 7. Bg5 Bxc3 8. bxc3 Bd7 9. Re1 a6 10. Bc4 Na5 11. Bb3 h6 12. Bh4 Qe7 13. d4 Rad8 14. Qd3 Nxb3 15. axb3 Bc6 1/2-1/2

[Event "Timisoara zt-B (Women)"]
[Site "Timisoara"]
[Date "1993.??.??"]
[Round "7"]
[White "Baciu, Anca Otilia"]
[Black "Atkins, Rita"]
[Result "1-0"]
[WhiteElo "2160"]
[BlackElo "2255"]
[PlyCount "97"]
[EventDate "1993.??.??"]
[EventType "tourn"]
[EventRounds "9"]
[EventCountry "ROU"]
[EventCategory "1"]
[SourceTitle "TD"]
[Source "ChessBase"]
[SourceDate "1994.03.01"]
[SourceVersion "1"]
[SourceVersionDate "1994.03.01"]
[SourceQuality "1"]

1. e4 c5 2. Nf3 d6 3. d4 cxd4 4. Nxd4 Nf6 5. Nc3 Nc6 6. Be3 e5 7. Nf3 Be7 8. Bc4 0-0 9. h3 Be6 10. Qe2 h6 11. 0-0 Rc8 12. Bb3 Na5 13. Rfd1 Nc4 14. Nd5 Nxe3 15. Qxe3 Rc5 16. Nxf6+ Bxf6 17. Bxe6 fxe6 18. Qxc5 dxc5 19. Rxd8 Rxd8 20. Kf1 Kf7 21. Ke2 Ke7 22. Rd1 Rxd1 23. Kxd1 Kd6 24. c4 a6 25. a4 Kc6 26. Kc2 b5 27. axb5+ axb5 28. Kb3 g6 29. cxb5+ Kxb5 30. Nd2 Bd8 31. Nc4 Be7 32. Na3+ Kc6 33. Ka4 Bd8 34. Nc4 Bc7 35. f3 h5 36. h4 Bb8 37. Ka5 Bc7+ 38. Ka6 Bb8 39. Na5+ Kd7 40. Kb5 Kd6 41. Nb7+ Ke7 42. Nxc5 Bc7 43. b4 Kd6 44. Nb7+ Kd7 45. Ka6 Kc6 46. b5+ Kd7 47. Nc5+ Kd6 48. b6 Bb8 49. Kb7 1-0

[Event "HUN-chT"]
[Site "Hungary"]
[Date "1993.??.??"]
[Round "?"]
[White "Gemesi, Andras"]
[Black "Atkins, Rita"]
[Result "0-1"]
[WhiteElo "2235"]
[BlackElo "2280"]
[PlyCount "74"]
[EventDate "1993.??.??"]
[EventType "team"]
[EventRounds "13"]
[EventCountry "HUN"]
[SourceTitle "TD"]
[Source "ChessBase"]
[SourceDate "1994.03.01"]
[SourceVersion "1"]
[SourceVersionDate "1994.03.01"]
[SourceQuality "1"]

1. e4 c5 2. Nf3 d6 3. d4 cxd4 4. Nxd4 Nf6 5. Nc3 Nc6 6. Be2 e5 7. Nf3 h6 8. h3 Be7 9. 0-0 0-0 10. Re1 Be6 11. Bf1 Rc8 12. Nd5 Bxd5 13. exd5 Nb4 14. c4 a5 15. a3 Na6 16. Be3 Nd7 17. Qb1 a4 18. Qf5 Nac5 19. Nd2 g6 20. Qg4 Kg7 21. f4 f5 22. Qe2 Bh4 23. Bf2 Bxf2+ 24. Qxf2 Qf6 25. Rad1 Rce8 26. Nf3 exf4 27. Nd4 Re4 28. Ne6+ Nxe6 29. dxe6 Qxe6 30. Bd3 Re3 31. Bc2 Re8 32. Rf1 Qxc4 33. Rxd6 Nf6 34. Bb1 f3 35. gxf3 Re2 36. Qb6 Qf4 37. Qc7+ R8e7 0-1

[Event "HUN-ch (Women)"]
[Site "Hungary"]
[Date "1992.??.??"]
[Round "8"]
[White "Atkins, Rita"]
[Black "Albert, Kornelia"]
[Result "1-0"]
[WhiteElo "2280"]
[BlackElo "2110"]
[PlyCount "205"]
[EventDate "1992.??.??"]
[EventType "tourn"]
[EventRounds "11"]
[EventCountry "HUN"]
[SourceTitle "EXT 1997"]
[Source "ChessBase"]
[SourceDate "1996.11.15"]
[SourceVersion "1"]
[SourceVersionDate "1996.11.15"]
[SourceQuality "1"]

1. e4 d5 2. exd5 Qxd5 3. Nc3 Qa5 4. d4 Nf6 5. Nf3 Bg4 6. h3 Bh5 7. g4 Bg6 8. Ne5 c6 9. Bg2 e6 10. 0-0 Bd6 11. h4 Bxe5 12. dxe5 Qxe5 13. Re1 Qc7 14. h5 Bxc2 15. Qxc2 Nxg4 16. Ne4 Qh2+ 17. Kf1 Nd7 18. Ng3 0-0 19. Qe2 Qh4 20. Rd1 Ndf6 21. Bd2 Nxh5 22. Ne4 h6 23. Rac1 f5 24. Nc5 e5 25. Rc3 Qe7 26. b4 e4 27. Rh3 Nhf6 28. Kg1 b6 29. Nb3 Rad8 30. Qc4+ Kh7 31. Nd4 b5 32. Qe6 Qc7 33. Qxf5+ g6 34. Ne6 gxf5 35. Nxc7 Rd7 36. Ne6 Re8 37. Nc5 Rd5 38. Nb3 Red8 39. Kf1 Ne5 40. Rxh6+ Kg7 41. Rh1 Nc4 42. Ke2 Ng4 43. Bc3+ Kg6 44. Rxd5 Rxd5 45. Bd4 a5 46. f3 exf3+ 47. Bxf3 Rd6 48. Bxg4 fxg4 49. bxa5 Nxa5 50. Bc5 Re6+ 51. Kd3 Nxb3 52. axb3 Kf5 53. Rf1+ Kg5 54. Be3+ Kh4 55. b4 Kg3 56. Rg1+ Kf3 57. Rf1+ Kg2 58. Rf4 g3 59. Ke2 Rh6 60. Bc5 Re6+ 61. Be3 Kh3 62. Kf3 g2 63. Bf2 Rh6 64. Bg1 Rd6 65. Ke2 Kg3 66. Rf3+ Kg4 67. Bf2 Re6+ 68. Re3 Rh6 69. Rg3+ Kf4 70. Rxg2 Re6+ 71. Kd3 Kf3 72. Rh2 Kf4 73. Bc5 Kf5 74. Rf2+ Kg4 75. Re2 Rh6 76. Re7 Kf5 77. Rd7 Ke5 78. Be3 Rg6 79. Bd4+ Ke6 80. Rg7 Rh6 81. Bc5 Ke5 82. Rg5+ Ke6 83. Ke3 Rh3+ 84. Kf4 Rh4+ 85. Rg4 Rh6 86. Kg5 Rh8 87. Re4+ Kd5 88. Rd4+ Ke5 89. Kg6 Rh3 90. Rd6 Rg3+ 91. Kf7 Rh3 92. Ke7 Rh7+ 93. Kd8 Rf7 94. Kc8 Rh7 95. Kb8 Rf7 96. Rxc6 Kd5 97. Rc7 Rf6 98. Kb7 Rg6 99. Bb6 Rg2 100. Rc5+ Kd6 101. Bc7+ Kd7 102. Rxb5 Rd2 103. Rb6 1-0